000
00271 a2200097 4500
001
59845
100
_a
245
_a
Mobile and Wireless Systems Beyond 3G: Managing New Business Opportunities( 384.5350684/ PAG)
260
_a
USA
_b
IRM Press
_c
2005
090
_c
36679
_d
36679
942
_a
NUST-CAE
_c
_c
29645
999
_c
294918
_d
294918